[Event "Match"]
[Site "www.echecsemail.com"]
[Date "2015.08.25"]
[Round "1"]
[White "Orae"]
[Black "Bojan"]
[WhiteElo "1940"]
[BlackElo "1920"]
[Result "0-1"]
[Round "1"]
1.e4 g6
2.Ng1f3 d6
3.Bf1c4 Bf8g7
4.Nf3g5 e6
5.d3 Nb8c6
6.Qd1f3 Ng8f6
7.O-O Nc6e5
8.Bc4b5 c6
9.Qf3g3 cxb5
10.d4 Ne5c4
11.b3 Nf6h5
12.Qg3f3 f6
13.Ng5h3 f5
14.bxc4 bxc4
15.Bc1g5 Qd8b6
16.c3 O-O
17.Bg5e7 Rf8f7
18.Be7g5 Bc8d7
19.Nb1d2 Qb6c7
20.e5 dxe5
21.d5 e4
22.Qf3e3 exd5
23.Nh3f4 Nh5xf4
24.Bg5xf4 Qc7a5
25.Rf1c1 b6
26.Nd2b1 a6
27.Nb1d2 b5
28.Bf4h6 Bg7h8
29.Nd2f1 Ra8c8
30.Nf1g3 b4
31.Qe3g5 bxc3
32.Ra1b1 Bd7e6
33.Rc1c2 d4
34.Ng3e2 d3
35.Rc2c1 c2
36.Ne2f4 cxb1Q
37.Rc1xb1 Qa5e5
38.Rb1b6 d2
39.Rb6b1 c3
40.Nf4e2 Bh8g7
41.Bh6xg7 Kxg7
42.Ne2f4 c2
43.Nf4h5 Kh8
{ resign }
0-1

[Event "1/32 Finale"]
[Site "www.chess-mail.com"]
[Date "2015.08.25"]
[Round "1"]
[White "Eusegon"]
[Black "Hennie4820"]
[WhiteElo "2120"]
[BlackElo "1960"]
[Result "1-0"]
[Round "1"]
1.e4 c5
2.Ng1f3 e6
3.d4 cxd4
4.Nf3xd4 Ng8f6
5.Nb1c3 Qd8b6
6.Bf1e2 Bf8c5
7.Nc3a4 Qb6a5
8.c3 Nf6xe4
9.b4 Bc5xb4
10.cxb4 Qa5xb4
11.Kf1 O-O
12.Bc1e3 Nb8c6
13.Nd4xc6 bxc6
14.f3 Ne4f6
15.Be3c5 Qb4b7
16.Bc5xf8 Kxf8
17.Qd1d6 { resign }
1-0

[Event "1/64 Finale"]
[Site "www.chess-mail.com"]
[Date "2015.08.25"]
[Round "1"]
[White "Rindrandria"]
[Black "Eusegon"]
[WhiteElo "1650"]
[BlackElo "2120"]
[Result "0-1"]
[Round "1"]
1.e4 e6
2.g3 d5
3.e5 c5
4.c4 Nb8c6
5.Ng1f3 Qd8c7
6.Qd1e2 dxc4
7.Qe2xc4 Nc6xe5
8.Qc4f4 Bf8d6
9.Nf3xe5 Bd6xe5
10.Bf1b5 Bc8d7
11.Bb5xd7 Kxd7
12.Qf4xf7 Ng8e7
13.Qf7h5 Ra8f8
14.O-O Be5d4
15.Nb1c3 Rf8f5
16.Qh5d1 Rh8f8
17.Nc3e4 Ne7d5
18.d3 Nd5f6
19.Bc1g5 Nf6xe4
20.Bg5f4 Rf5xf4
21.gxf4 Ne4xf2
22.Qd1a4 Qc7c6
23.Qa4xc6 Kxc6
24.Rf1xf2 Rf8xf4
25.Ra1f1 Kd5
26.Kg2 Rf4xf2
27.Rf1xf2 Bd4xf2
28.Kxf2 Kd4
29.Kg3 e5
30.Kg4 Kxd3
{ resign }
0-1

[Event "Eq:SIETE ESTRELLAS VERDES-Team USA : "]
[Site "www.chess-mail.com"]
[Date "2015.08.25"]
[Round "1"]
[White "Uji40"]
[Black "Susov"]
[WhiteElo "1920"]
[BlackElo "1850"]
[Result "1-0"]
[Round "1"]
1.e4 e5
2.Ng1f3 Nb8c6
3.Bf1b5 d6
4.d4 a6
5.Bb5xc6 bxc6
6.d5 Bc8b7
7.Nb1c3 Ng8e7
8.O-O cxd5
9.exd5 h6
10.Rf1e1 Qd8d7
11.a4 Ne7g6
12.Nc3e4 Ng6f4
13.Bc1xf4 exf4
14.c4 O-O-O
15.Qd1d2 g5
16.Qd2c3 Bf8e7
17.Ne4f6 Qd7f5
18.Re1xe7 Rh8f8
19.Ra1d1 g4
20.Nf3e1 h5
21.Qc3a5 Kb8
22.Qa5xc7 { resign }
1-0

[Event "Fast Game"]
[Site "www.echecsemail.com"]
[Date "2015.08.25"]
[Round "1"]
[White "Mitja"]
[Black "Bojan"]
[WhiteElo "1720"]
[BlackElo "1550"]
[Result "0-1"]
[Round "1"]
1.d4 g6
2.e3 Bf8g7
3.c3 d5
4.h3 Qd8d6
5.Ng1f3 a6
6.Nb1d2 Nb8c6
7.Nd2b3 e5
8.dxe5 Nc6xe5
9.Nf3xe5 Bg7xe5
10.Bf1e2 Bc8d7
11.Nb3d4 c5
12.Nd4f3 Be5g7
13.O-O Ng8f6
14.Qd1d2 Nf6e4
15.Qd2c2 Bd7f5
16.Qc2d1 Bg7f6
17.Nf3d2 h5
18.Nd2xe4 Bf5xe4
19.Be2f3 Be4xf3
20.Qd1xf3 Bf6e7
21.b3 g5
22.Bc1b2 c4
23.b4 g4
24.Qf3f5 Rh8h6
25.Ra1d1 Ra8d8
26.Bb2c1 gxh3
27.Qf5xh3 Rh6h8
28.e4 Qd6e5
29.exd5 Rd8xd5
30.Rd1xd5 Qe5xd5
31.Rf1e1 Kd8
32.Qh3g3 Kd7
33.Qg3e3 Be7d6
34.Qe3e2 Rh8g8
35.Qe2e4 Qd5xe4
36.Re1xe4 b5
37.Re4d4 Kc6
38.Bc1f4 Bd6e7
39.g3 h4
40.Kg2 hxg3
41.fxg3 Rg8g6
42.Kf3 f5
43.a3 Be7f8
44.Bf4e5 Bf8h6
45.Be5f4 Bh6g7
46.Rd4d1 Bg7xc3
47.Bf4c1 Rg6g4
48.Bc1f4 Bc3b2
49.Rd1d6 Kb7
50.Rd6d7 Kc8
51.Rd7c7 Kd8
52.Rc7c6 c3
53.Rc6xa6 c2
54.Ra6c6 Rg4xf4
55.gxf4 c1Q
56.Rc6xc1 Bb2xc1
{ resign }
0-1

[Event "Tourn. n8356"]
[Site "www.chess-mail.com"]
[Date "2015.08.26"]
[Round "1"]
[White "Vogue"]
[Black "Xkafi"]
[WhiteElo "2100"]
[BlackElo "2110"]
[Result "1-0"]
[Round "1"]
1.c4 e5
2.g3 Bf8c5
3.Bf1g2 c6
4.e3 Ng8f6
5.d4 exd4
6.exd4 Qd8e7
7.Ng1e2 Bc5b4
8.Nb1c3 Nb8a6
9.O-O d6
10.a3 Bb4a5
11.d5 cxd5
12.Qd1a4 Bc8d7
13.Qa4xa5 h6
14.Nc3xd5 Nf6xd5
15.Bg2xd5 Na6c5
16.Ne2f4 O-O
17.Nf4g6 Qe7d8
18.Qa5c3 Qd8f6
19.Qc3xf6 gxf6
20.Ng6xf8 Kxf8
21.b4 Nc5b3
22.Bc1xh6 Kg8
23.Ra1d1 Bd7a4
24.Rf1e1 Kh7
25.Bh6f4 Ra8d8
26.Bd5xb7 Rd8d7
27.Bb7f3 Kg6
28.Rd1d3 a5
29.Bf4xd6 axb4
30.axb4 Kg7
31.c5 { resign }
1-0

[Event "Tourn. n8315"]
[Site "www.chess-mail.com"]
[Date "2015.08.26"]
[Round "1"]
[White "Raulazo"]
[Black "Libiesse"]
[WhiteElo "1889"]
[BlackElo "2020"]
[Result "0-1"]
[Round "1"]
1.e4 c5
2.Ng1f3 e6
3.Nb1c3 Nb8c6
4.b3 a6
5.Bc1b2 Qd8c7
6.g3 Ng8f6
7.Qd1e2 b5
8.Bf1g2 Bc8b7
9.Nc3d1 Nc6b4
10.d3 Ra8d8
11.O-O Bf8e7
12.c3 Nb4c6
13.Nd1e3 O-O
14.c4 b4
15.Ra1d1 d6
16.d4 cxd4
17.Bb2xd4 Nc6xd4
18.Nf3xd4 Nf6xe4
19.Bg2xe4 Bb7xe4
20.f3 Be4b7
21.Nd4c2 Qc7c5
22.Qe2d2 a5
23.Qd2d4 Qc5xd4
24.Nc2xd4 Rd8d7
25.h4 Rf8d8
26.Ne3g4 h5
27.Ng4e3 d5
28.f4 dxc4
29.Ne3c2 Bb7e4
30.Rf1f2 Be4xc2
31.Rf2xc2 Rd7xd4
32.Rd1e1 c3
33.f5 Be7c5
34.Kg2 Rd4d2
35.Rc2xd2 Rd8xd2
36.Kh3 exf5
37.Re1c1 Rd2xa2
{ resign }
0-1

[Event "Tourn. n8318"]
[Site "www.chess-mail.com"]
[Date "2015.08.26"]
[Round "1"]
[White "Groz"]
[Black "Roserl"]
[WhiteElo "1990"]
[BlackElo "1900"]
[Result "0-1"]
[Round "1"]
1.e4 c5
2.Ng1f3 Nb8c6
3.c3 d5
4.exd5 Qd8xd5
5.Bf1e2 Ng8f6
6.O-O Bc8f5
7.d4 cxd4
8.cxd4 e6
9.Nb1c3 Qd5d7
10.Bc1e3 Bf8e7
11.Ra1c1 h6
12.a3 a6
 { time }
0-1

[Event "Tourn. n8270"]
[Site "www.chess-mail.com"]
[Date "2015.08.26"]
[Round "1"]
[White "Osopanda"]
[Black "Guidom"]
[WhiteElo "2020"]
[BlackElo "2070"]
[Result "0-1"]
[Round "1"]
1.c4 c5
2.Ng1f3 Nb8c6
3.d4 cxd4
4.Nf3xd4 Ng8f6
5.Nb1c3 d6
6.e4 Bc8d7
7.f3 g6
8.Bc1e3 Bf8g7
9.Bf1e2 O-O
10.O-O Nc6xd4
11.Be3xd4 Bd7c6
12.Nc3d5 Nf6xd5
13.cxd5 Bc6d7
14.Ra1c1 Qd8a5
15.Bd4xg7 Kxg7
16.Qd1d4 f6
17.f4 Ra8c8
18.Rc1xc8 Rf8xc8
19.e5 Qa5c5
20.exf6 exf6
21.Qd4xc5 Rc8xc5
22.b3 Rc5c2
23.Be2d3 Rc2d2
24.Bd3b1 Rd2xd5
25.Bb1e4 Rd5d2
26.a4 d5
27.Be4f3 Bd7c6
28.Rf1e1 Kf7
29.h4 Rd2d3
30.Re1b1 f5
31.h5 Kf6
32.Rb1b2 a6
33.hxg6 hxg6
34.Kf2 b5
35.axb5 Bc6xb5
36.g3 d4
37.Bf3e2 Rd3c3
38.Be2xb5 axb5
39.Rb2d2 d3
40.Ke3 Rc3xb3
41.Kd4 g5
42.fxg5 Kxg5
43.Ke5 Kg4
44.Rd2d1 b4
45.Kd4 Rb3c3
46.Rd1d2 Kxg3
47.Rd2b2 Rc3c2
48.Rb2xb4 d2
49.Rb4b1 Rc2c1
50.Rb1b3 Kf2
51.Rb3b2 Ke1
{ resign }
0-1

[Event "Tourn. n8367"]
[Site "www.chess-mail.com"]
[Date "2015.08.26"]
[Round "1"]
[White "Fred"]
[Black "Bojan"]
[WhiteElo "1970"]
[BlackElo "1970"]
[Result "0-1"]
[Round "1"]
1.e4 e5
2.f4 exf4
3.Ng1f3 h6
4.d4 g5
5.Bf1c4 Bf8g7
6.c3 f6
7.Qd1b3 Kf8
8.Bc4f7 Nb8c6
9.Bf7h5 Qd8e7
10.O-O b6
11.Nb1d2 Bc8b7
12.Nd2c4 d6
13.e5 dxe5
14.dxe5 fxe5
15.Bc1d2 e4
16.Ra1e1 Ng8f6
17.Bh5g6 Ra8d8
18.Bd2c1 Bb7c8
19.Qb3c2 Qe7c5
20.Nc4e3 exf3
21.Rf1xf3 fxe3
22.Bc1xe3 Qc5d6
23.Re1f1 Nc6e5
24.Rf3f2 Ne5g4
25.Be3f4 gxf4
26.Rf2xf4 Ng4e3
27.Qc2f2 Ne3xf1
28.Qf2xf1 Qd6d1
29.h3 Qd1xf1
30.Rf4xf1 Rd8d6
31.Kh2 Ke7
32.Bg6c2 Rh8d8
33.Rf1e1 Rd6e6
{ resign }
0-1

[Event "Tourn. n8327"]
[Site "www.chess-mail.com"]
[Date "2015.08.26"]
[Round "1"]
[White "Orae"]
[Black "Mitja"]
[WhiteElo "1940"]
[BlackElo "1840"]
[Result "0-1"]
[Round "1"]
1.e4 d5
2.exd5 Qd8xd5
3.Nb1c3 Qd5d8
4.Bf1c4 e6
5.d3 c6
6.Bc1f4 h6
7.Qd1e2 Ng8f6
8.Qe2e3 Bf8d6
9.O-O-O Bd6xf4
10.Qe3xf4 Nb8d7
11.Ng1f3 Nd7b6
12.Rh1e1 Nf6d5
13.Bc4xd5 Nb6xd5
14.Nc3xd5 Qd8xd5
15.b3 O-O
16.Re1e5 Qd5d6
17.Qf4e4 Bc8d7
18.Re5h5 Bd7e8
19.Nf3g5 f5
20.Qe4xe6 Qd6xe6
21.Ng5xe6 Be8xh5
22.f3 Rf8f6
23.Ne6f4 Bh5e8
24.a4 g5
25.Nf4h5 Be8xh5
26.c4 Ra8e8
27.h3 Bh5g6
28.g3 Rf6e6
29.d4 Re6e1
30.Kd2 Re1xd1
31.Kxd1 Re8e3
32.h4 Re3xf3
33.b4 Rf3xg3
34.Kd2 gxh4
35.d5 cxd5
36.cxd5 h3
37.d6 Bg6e8
{ resign }
0-1

[Event "Match"]
[Site "www.echecsemail.com"]
[Date "2015.08.26"]
[Round "1"]
[White "Orae"]
[Black "Gilliere"]
[WhiteElo "1969"]
[BlackElo "1790"]
[Result "0-1"]
[Round "1"]
1.e4 e5
2.Ng1f3 d6
3.Bf1c4 h6
4.c3 Ng8f6
5.Qd1b3 Qd8e7
6.O-O Nf6xe4
7.d3 Ne4f6
8.Rf1e1 Nb8c6
9.d4 Nc6a5
10.Qb3a4 Na5c6
11.dxe5 dxe5
12.Re1xe5 Bc8e6
13.Bc4xe6 fxe6
14.Nf3d4 Kf7
15.Re5xe6 Qe7d7
16.Qa4b3 Nc6xd4
17.Re6xf6 Kxf6
18.cxd4 Qd7xd4
19.Bc1d2 Kg6
20.Qb3c2 Kh5
21.Qc2d1 Kg6
22.Qd1c2 Kh5
23.Bd2e3 Qd4d7
24.Qc2e2 Kg6
25.Nb1d2 Bf8b4
26.Ra1d1 Bb4xd2
27.Rd1xd2 Qd7f5
28.g3 Rh8e8
29.g4 Qf5b1
30.Rd2d1 Qb1xa2
31.Qe2d3 Kf7
32.Qd3f5 Kg8
33.Be3d4 Re8f8
34.Qf5g6 Qa2f7
35.Qg6e4 c6
36.b4 Rf8e8
37.Qe4g2 a6
38.g5 Qf7g6
39.h4 hxg5
40.hxg5 Ra8d8
41.f4 Re8e4
42.Qg2f2 Qg6d6
43.Qf2h4 Re4xd4
44.Rd1f1 Rd4d1
45.g6 Qd6xg6
46.Kf2 Rd8d2
47.Kf3 Rd1xf1
48.Ke3 Qg6d3

0-1

[Event "Match"]
[Site "www.echecsemail.com"]
[Date "2015.08.26"]
[Round "1"]
[White "Bojan"]
[Black "Tictac"]
[WhiteElo "1950"]
[BlackElo "1499"]
[Result "0-1"]
[Round "1"]
1.e4 c5
2.Ng1f3 d6
3.Nb1c3 Ng8f6
4.Bf1c4 e6
5.d4 cxd4
6.Nf3xd4 a6
7.Qd1f3 Bf8e7
8.Bc1e3 Qd8c7
9.Bc4d3 Nb8d7
10.Bd3e2 b5
11.a3 Bc8b7
12.Qf3g3 g6
13.f3 e5
14.Nd4b3 d5
15.exd5 Nf6xd5
16.Be3d2 Nd5f4
17.Qg3f2 O-O
18.g3 Nf4xe2
19.Qf2xe2 a5
20.Bd2h6 Rf8c8
21.O-O-O a4
22.Qe2xb5 Bb7c6
23.Qb5d3 axb3
24.cxb3 Nd7c5
25.Qd3e2 Nc5xb3
26.Kb1 Be7xa3
27.bxa3 Rc8b8
28.Ka2 Nb3d2
29.Rd1xd2 Ra8xa3
{ resign }
0-1

[Event "Match"]
[Site "www.echecsemail.com"]
[Date "2015.08.26"]
[Round "1"]
[White "Billyg"]
[Black "Culiflori"]
[WhiteElo "1620"]
[BlackElo "1880"]
[Result "0-1"]
[Round "1"]
1.e4 e5
2.Ng1f3 Nb8c6
3.Bf1b5 a6
4.Bb5xc6 dxc6
5.Nf3xe5 Qd8d4
6.Ne5f3 Qd4xe4
7.Qd1e2 Bc8f5
8.Nb1c3 Qe4xe2
9.Nc3xe2 Bf5xc2
10.O-O Bc2d3
11.Rf1e1 O-O-O
12.Ne2f4 Bf8b4
13.Nf3e5 Bd3g6
14.Nf4xg6 fxg6
15.Re1e2 Rd8e8
16.Ne5f7 Re8xe2
17.Kf1 Re2e8
18.Nf7xh8 Ng8f6
19.Nh8f7 Re8e7
20.Nf7g5 Re7d7
21.Ng5f3 Nf6e4
22.Ke1 Bb4c5
23.Nf3e5 Bc5xf2
24.Ke2 Rd7e7
25.d3 Re7xe5
26.dxe4 Bf2b6
27.Kf3 Re5b5
28.b3 Bb6d4
29.Ra1b1 c5
30.Bc1b2 Bd4xb2
31.Rb1xb2 c4
32.Kf4 cxb3
33.axb3 a5
34.e5 Kd7
35.Rb2d2 Ke6
36.Rd2d3 Rb5xe5
37.h4 Re5b5
38.Rd3d4 Rb5xb3
39.Rd4e4 Kf6
40.g4 Rb3b4
41.g5 Kf7
42.Ke5 Rb4xe4
43.Kxe4 a4
44.Kd3 Ke6
45.Kc3 Kf5
{ resign }
0-1

[Event "Match"]
[Site "www.echecsemail.com"]
[Date "2015.08.26"]
[Round "1"]
[White "Guidom"]
[Black "Raulazo"]
[WhiteElo "2070"]
[BlackElo "1889"]
[Result "1-0"]
[Round "1"]
1.e4 e5
2.Ng1f3 Nb8c6
3.Bf1b5 Nc6d4
4.Nf3xd4 exd4
5.O-O Ng8f6
6.e5 Nf6d5
7.Bb5c4 Nd5f4
8.d3 Nf4g6
9.f4 b6
10.Qd1e2 Bc8b7
11.f5 Ng6e7
12.Qe2h5 d5
13.e6 Qd8d6
14.Qh5xf7 Kd8
15.Bc4b3 Ra8c8
16.Bc1f4 Qd6c5
17.Bf4e5 Bb7c6
18.Qf7h5 a5
19.a4 Bc6e8
20.Qh5f3 h5
21.f6 Ne7g6
22.fxg7 Bf8xg7
23.Be5xg7 Rh8g8
24.Bg7f6 Ng6e7
25.Nb1d2 c6
26.Qf3f4 Rc8c7
27.Nd2f3 Kc8
28.Bf6xd4 Rg8g4
29.Qf4xg4 hxg4
30.Bd4xc5 bxc5
31.Nf3e5 c4
32.dxc4 d4
33.Rf1f8 Kd8
34.Ne5f7 Kc8
35.Rf8xe8 Kb7
36.c5 Ne7f5
37.Ra1f1 Nf5e3
38.Nf7d6 Ka7
39.Rf1f8 Rc7b7
40.Re8a8 { resign }
1-0

[Event "Tourn. n8292"]
[Site "www.chess-mail.com"]
[Date "2015.08.27"]
[Round "1"]
[White "Julian"]
[Black "Silent1"]
[WhiteElo "1920"]
[BlackElo "1960"]
[Result "1-0"]
[Round "1"]
1.e4 e5
2.Ng1f3 d6
3.d4 exd4
4.c3 dxc3
5.Nb1xc3 Bf8e7
6.Bf1c4 Ng8f6
7.O-O O-O
8.Rf1e1 Nb8c6
9.e5 dxe5
10.Qd1xd8 Rf8xd8
11.Nf3g5 Rd8f8
12.Bc1e3 a6
13.Ra1d1 Bc8f5
14.f3 h6
15.Ng5e4 Nf6xe4
16.fxe4 Ra8d8
17.exf5 Rd8xd1
18.Re1xd1 Rf8d8
19.Rd1xd8 Be7xd8
20.Nc3d5 Nc6e7
21.g4 Ne7xd5
22.Bc4xd5 c6
23.Bd5e4 Bd8f6
24.Kg2 Bf6e7
25.Kg3 f6
26.h4 Be7b4
27.a3 Bb4e1
28.Kh3 Be1a5
29.b4 Ba5c7
30.g5 hxg5
31.hxg5 Kf7
32.Kg4 fxg5
33.Be3xg5 Bc7d6
34.Kf3 Bd6e7
35.Bg5e3 Be7f6
36.Be4d3 g6
37.fxg6 Kg7
38.Kg4 Kh8
39.Kf5 Kg7
40.Ke6 Bf6d8
41.Kxe5 { resign }
1-0

[Event "Tourn. n8345"]
[Site "www.chess-mail.com"]
[Date "2015.08.27"]
[Round "1"]
[White "Panamski"]
[Black "Jhw"]
[WhiteElo "2080"]
[BlackElo "2039"]
[Result "1-0"]
[Round "1"]
1.e3 e5
2.b3 g6
3.Bc1b2 Bf8g7
4.Ng1f3 Qd8e7
5.Qd1c1 f5
6.Bf1c4 e4
7.Nf3d4 Kd8
8.a4 b6
9.Nb1a3 Bc8b7
10.Nd4b5 Bg7xb2
11.Qc1xb2 Ng8f6
12.O-O a6
13.Nb5c3 d5
14.Nc3xd5 Bb7xd5
15.Bc4xd5 c6
16.Bd5c4 b5
17.axb5 axb5
18.Bc4e2 h5
19.c4 b4
20.Na3c2 Ra8xa1
21.Rf1xa1 Rh8g8
22.Qb2d4 Ke8
23.Ra1a7 Nb8d7
24.c5 Qe7xc5
25.Nc2xb4 Qc5xd4
26.exd4 c5
27.dxc5 Nd7xc5
28.Be2c4 Kf8
29.Ra7f7 { resign }
1-0

[Event "Tourn. n8361"]
[Site "www.chess-mail.com"]
[Date "2015.08.27"]
[Round "1"]
[White "Mitja"]
[Black "Louis"]
[WhiteElo "1850"]
[BlackElo "1850"]
[Result "0-1"]
[Round "1"]
1.d4 Ng8f6
2.e3 d5
3.h3 Bc8f5
4.Ng1e2 e6
5.Ne2g3 Bf5g6
6.c3 c5
7.dxc5 Bf8xc5
8.Nb1d2 O-O
9.Nd2b3 Bc5b6
10.Bf1e2 Bb6c7
11.O-O Bc7xg3
12.fxg3 Nf6e4
13.g4 Ne4g3
14.Rf1e1 Nb8c6
15.Be2d3 Bg6xd3
16.Qd1xd3 f5
17.gxf5 Rf8xf5
18.e4 Ng3xe4
19.Nb3d4 Nc6e5
20.Qd3e3 Rf5f6
21.Bc1d2 Ne5c4
22.Qe3e2 Nc4xd2
23.Qe2g4 Qd8b6
24.Kh1 Ne4f2
{ resign }
0-1

[Event "Tourn. n8356"]
[Site "www.chess-mail.com"]
[Date "2015.08.27"]
[Round "1"]
[White "Xkafi"]
[Black "Guidom"]
[WhiteElo "2110"]
[BlackElo "2200"]
[Result "0-1"]
[Round "1"]
1.e4 e5
2.Bf1c4 Ng8f6
3.Nb1c3 d6
4.h3 Bf8e7
5.d3 O-O
6.Ng1e2 Nb8c6
7.a3 Bc8e6
8.Bc4b5 Nc6d4
9.Bb5a4 Nd4xe2
10.Qd1xe2 c6
11.O-O Qd8c7
12.Bc1e3 d5
13.exd5 cxd5
14.Be3g5 h6
15.Bg5xf6 Be7xf6
16.Qe2f3 Ra8d8
17.Rf1e1 a6
18.Nc3e2 b5
19.Ba4b3 Rf8e8
20.Ne2g3 a5
21.a4 b4
22.Ng3h5 Bf6g5
23.Qf3g3 f5
24.Re1xe5 f4
25.Nh5xf4 Qc7xe5
26.Nf4xe6 Re8xe6
27.Qg3g4 Re6f6
28.Qg4h5 Qe5xb2
29.Ra1e1 Qb2d4
30.Re1e2 Rd8f8
31.Kh1 Qd4a1
32.Kh2 Qa1d4
33.f3 Rf6f5
34.Qh5g6 Qd4f4
35.Kg1 Bg5h4
36.Qg6e6 Kh8
37.Bb3xd5 Qf4d4
{ resign }
0-1

[Event "Tourn. n8365"]
[Site "www.chess-mail.com"]
[Date "2015.08.27"]
[Round "1"]
[White "Bojan"]
[Black "Jhw"]
[WhiteElo "1950"]
[BlackElo "1880"]
[Result "0-1"]
[Round "1"]
1.e4 c5
2.Bf1c4 Qd8b6
3.Qd1f3 e6
4.Ng1e2 g6
5.Nb1c3 Nb8c6
6.a3 Nc6e5
7.Qf3f4 Ne5xc4
8.b3 Bf8h6
9.Qf4g3 Nc4d6
10.Nc3a4 Qb6c6
11.f3 b5
12.Na4c3 f5
13.Qg3e5 Nd6f7
14.Qe5g3 Ng8f6
15.exf5 exf5
16.b4 c4
17.O-O Nf6h5
18.Qg3e1 O-O
19.Kh1 d5
20.Ne2d4 Qc6d7
21.Qe1f2 a6
22.h3 Bh6f4
23.Nc3e2 Bf4d6
24.g4 Nh5f4
25.d3 Nf4xh3
26.Qf2h4 fxg4
27.dxc4 dxc4
28.c3 Bc8b7
29.Kg2 Nf7e5
30.Ne2g1 Nh3xg1
31.Kxg1 gxf3
32.Bc1f4 Rf8xf4
33.Qh4xf4 Qd7h3
34.Ra1a2 Ra8f8
35.Qf4e3 Qh3g3
{ resign }
0-1

[Event "Tourn. n8334"]
[Site "www.chess-mail.com"]
[Date "2015.08.27"]
[Round "1"]
[White "Delacey"]
[Black "Falcoale"]
[WhiteElo "1900"]
[BlackElo "1880"]
[Result "0-1"]
[Round "1"]
1.d4 Ng8f6
2.c4 e6
3.Ng1f3 b6
4.Nb1c3 Bc8b7
5.Qd1c2 Nb8c6
6.a3 a6
7.Bc1d2 Bf8e7
8.e4 O-O
9.e5 Nf6e8
10.Nc3e4 f5
11.Ne4g5 Nc6xd4
 { time }
0-1

[Event "Tourn. n8332"]
[Site "www.chess-mail.com"]
[Date "2015.08.27"]
[Round "1"]
[White "Azorau"]
[Black "Odin"]
[WhiteElo "1910"]
[BlackElo "1830"]
[Result "0-1"]
[Round "1"]
1.e4 e5
2.Bf1c4 Ng8f6
3.Ng1f3 Nf6xe4
4.Qd1e2 d5
5.Bc4d3 Bc8f5
6.Nf3xe5 Bf8d6
7.Ne5f3 O-O
8.O-O Nb8d7
9.Bd3xe4 Bf5g4
10.Be4xd5 Rf8e8
11.Qe2d3 Nd7f6
12.Nf3g5 Bg4e2
13.Bd5xf7 Kh8
14.Qd3b3 Nf6g4
15.Bf7h5 Qd8xg5
16.Bh5xe8 Bd6xh2
17.Kh1 Qg5h4
18.g3 Bh2xg3
{ resign }
0-1

[Event "Match"]
[Site "www.echecsemail.com"]
[Date "2015.08.27"]
[Round "1"]
[White "Gilliere"]
[Black "Azorau"]
[WhiteElo "1790"]
[BlackElo "1529"]
[Result "1-0"]
[Round "1"]
1.e4 e5
2.Ng1f3 Nb8c6
3.Bf1b5 Nc6d4
4.Nf3xd4 exd4
5.d3 Ng8f6
6.a3 c6
7.Bb5c4 b5
8.Bc4a2 Bc8b7
9.Bc1g5 Bf8e7
10.Nb1d2 O-O
11.O-O d5
12.e5 Nf6d7
13.Bg5xe7 Qd8xe7
14.Rf1e1 Ra8e8
15.f4 a5
16.Nd2f3 Qe7c5
17.Ra1b1 Bb7c8
18.b4 Qc5b6
19.bxa5 Qb6xa5
20.Nf3xd4 Qa5xa3
21.Rb1a1 Qa3c5
22.c3 Qc5xc3
23.Nd4e2 Qc3c5
24.d4 Qc5b6
25.Ne2c3 c5
26.Nc3xd5 Qb6c6
27.h3 c4
28.Nd5b4 Qc6a8
29.Ba2xc4 Qa8b7
30.Bc4e2 Re8d8
31.Be2f3 Qb7b6
32.Nb4d5 Qb6e6
33.Nd5c7 Qe6b6
34.Nc7d5 Qb6e6
35.Qd1b3 Qe6h6
36.Qb3xb5 Kh8
37.Kh2 f6
38.e6 Rf8e8
39.exd7 Bc8xd7
40.Re1xe8 Bd7xe8
41.Qb5e2 Be8f7
42.Qe2b5 Bf7xd5
43.Bf3xd5 Qh6xf4
44.Kh1 h5
45.Ra1a8 Qf4c1
46.Kh2 Qc1f4
47.Kg1 Qf4e3
48.Kf1 Qe3f4
49.Ke2 Rd8xa8
50.Bd5xa8 Kh7
51.Qb5xh5 Kg8
52.Ba8d5 Kf8
53.Qh5f7 
1-0

[Event "Match"]
[Site "www.echecsemail.com"]
[Date "2015.08.27"]
[Round "1"]
[White "Darknight"]
[Black "Caspito"]
[WhiteElo "1590"]
[BlackElo "1780"]
[Result "1-0"]
[Round "1"]
1.e4 e5
2.Bf1c4 Bf8c5
3.d3 Nb8c6
4.c3 Qd8f6
5.Ng1f3 Bc5xf2
6.Kxf2 Ng8e7
7.Bc1g5 Qf6g6
8.Nb1a3 d6
9.Na3b5 O-O
10.Nb5xc7 Ra8b8
11.Bc4b5 Bc8g4
12.h4 a6
13.Bb5xc6 Ne7xc6
14.Nc7d5 b5
15.Bg5e7 Rf8e8
16.Be7g5 f6
17.Bg5e3 a5
18.Qd1b3 a4
19.Nd5e7 { resign }
1-0

[Event "Match"]
[Site "www.echecsemail.com"]
[Date "2015.08.27"]
[Round "1"]
[White "Chapi"]
[Black "Tictac"]
[WhiteElo "2040"]
[BlackElo "1499"]
[Result "0-1"]
[Round "1"]
1.d4 d5
2.c4 c6
3.Nb1c3 Ng8f6
4.cxd5 cxd5
5.Ng1f3 a6
6.Bc1f4 Nb8c6
7.e3 Bc8g4
8.Bf1e2 e6
9.O-O Bf8d6
10.Bf4xd6 Qd8xd6
11.Ra1c1 O-O
12.Nc3a4 Ra8c8
13.Na4c5 Rc8c7
14.Rc1c3 Nf6d7
15.Qd1c2 Nd7xc5
16.Rc3xc5 f5
17.Rf1c1 Bg4xf3
18.Be2xf3 f4
19.e4 Nc6xd4
20.Qc2c3 Nd4xf3
21.gxf3 d4
22.Rc5d5 Rc7xc3
{ resign }
0-1

[Event "Match"]
[Site "www.echecsemail.com"]
[Date "2015.08.27"]
[Round "1"]
[White "Castletyme"]
[Black "Whitekknight"]
[WhiteElo "1870"]
[BlackElo "1910"]
[Result "1-0"]
[Round "1"]
1.e4 e5
2.Ng1f3 d6
3.d3 Nb8c6
4.Nb1c3 Ng8f6
5.Bc1g5 Bf8e7
6.Bg5xf6 Be7xf6
7.Nc3e2 Bc8e6
8.c3 Qd8e7
9.Ne2g3 O-O-O
10.Bf1e2 Kb8
11.O-O d5
12.exd5 Be6xd5
13.Ng3f5 g6
14.Nf5xe7 { resign }
1-0

[Event "Match"]
[Site "www.echecsemail.com"]
[Date "2015.08.27"]
[Round "1"]
[White "Llord"]
[Black "Orae"]
[WhiteElo "1870"]
[BlackElo "1940"]
[Result "0-1"]
[Round "1"]
1.e4 e5
2.Ng1f3 Nb8c6
3.Bf1c4 h6
4.O-O b6
5.d4 Qd8e7
6.dxe5 Nc6xe5
7.Nf3xe5 Qe7xe5
8.Qd1f3 Ng8f6
9.Bc1f4 Qe5xb2
10.Nb1d2 d5
11.exd5 Bf8e7
12.Rf1e1 Qb2b4
13.Bc4b3 Bc8g4
14.Qf3g3 O-O
15.a3 Qb4c5
16.Bf4e5 Bg4d7
17.Be5xf6 Be7xf6
18.Nd2e4 Qc5d4
19.Ne4xf6 Qd4xf6
20.Qg3xc7 Bd7f5
21.Ra1d1 Rf8c8
22.Qc7f4 a5
23.d6 Ra8a7
24.Re1e3 a4
25.Bb3c4 Ra7d7
26.Bc4b5 Rd7d8
27.d7 Bf5xd7
28.Qf4xf6 gxf6
29.Bb5xd7 Rc8xc2
30.Re3e8 Rd8xe8
31.Bd7xe8 Rc2a2
32.Rd1d7 Ra2a1
{ resign }
0-1

[Event "Tourn. n8337"]
[Site "www.chess-mail.com"]
[Date "2015.08.28"]
[Round "1"]
[White "Alessiov"]
[Black "Ruko"]
[WhiteElo "1610"]
[BlackElo "1880"]
[Result "1-0"]
[Round "1"]
1.d4 Ng8f6
2.Ng1f3 d5
3.e3 e6
4.Nb1d2 c5
5.a3 Nb8c6
6.c4 cxd4
7.exd4 dxc4
8.Nd2xc4 Bf8e7
9.Bc1e3 O-O
10.Ra1c1 Bc8d7
11.Bf1d3 Ra8c8
12.O-O h6
13.Rf1e1 Rf8e8
14.Qd1d2 Nf6d5
15.Be3xh6 gxh6
16.Qd2xh6 f5
17.Re1e4 fxe4
18.Bd3xe4 Nd5f6
19.Nf3g5 Be7f8
20.Be4h7 { resign }
1-0

[Event "Tourn. n8329"]
[Site "www.chess-mail.com"]
[Date "2015.08.28"]
[Round "1"]
[White "Asoka"]
[Black "Liencam2"]
[WhiteElo "2670"]
[BlackElo "2310"]
[Result "1-0"]
[Round "1"]
1.c4 e5
2.Nb1c3 d6
3.e3 g6
4.d4 Bf8g7
5.Ng1f3 Nb8d7
6.Bf1e2 Ng8f6
7.O-O O-O
8.Qd1c2 c6
9.h3 Rf8e8
10.b3 exd4
11.exd4 Nd7b6
12.Be2d3 d5
13.Bc1e3 Bc8e6
14.c5 Nb6c8
15.Be3g5 Qd8d7
16.Nf3e5 Qd7c7
17.Bg5f4 Nf6h5
18.Bf4h2 Qc7d8
19.g4 Nh5f6
20.f4 Nc8e7
21.f5 Be6d7
22.Rf1f2 Qd8c8
23.Bh2g3 gxf5
24.gxf5 Nf6h5
25.Bg3h2 Re8f8
26.Ra1f1 Bg7f6
27.Qc2d2 Kh8
28.Qd2h6 Rf8g8
29.Rf2g2 Rg8xg2
30.Kxg2 Ne7xf5
31.Qh6xh5 Nf5e3
32.Kh1 { resign }
1-0

[Event "Tourn. n8329"]
[Site "www.chess-mail.com"]
[Date "2015.08.28"]
[Round "1"]
[White "Liencam2"]
[Black "Seger"]
[WhiteElo "2310"]
[BlackElo "2770"]
[Result "0-1"]
[Round "1"]
1.e4 c5
2.Nb1c3 Nb8c6
3.Bf1b5 Nc6d4
4.Bb5c4 g6
5.Ng1f3 Ng8f6
6.d3 Bf8g7
7.Bc1e3 Nf6g4
8.Be3xd4 cxd4
9.Nc3e2 Qd8a5
10.Qd1d2 Qa5xd2
11.Nf3xd2 Ng4e5
12.Bc4b3 d6
13.h3 Ne5c6
14.f4 Bc8d7
15.Rh1f1 Ra8c8
16.O-O-O Nc6a5
17.Kb1 Na5xb3
18.Nd2xb3 e5
19.g4 h5
20.Rf1g1 hxg4
21.hxg4 Rh8h2
22.Rd1d2 Bd7a4
23.f5 gxf5
24.Ne2c1 Rh2xd2
25.Nb3xd2 Ba4xc2
26.Ka1 f4
27.Nd2f3 f6
28.b3 Rc8c3
29.Nf3e1 Bc2d1
30.Kb2 Bg7h6
{ resign }
0-1

[Event "Tourn. n8329"]
[Site "www.chess-mail.com"]
[Date "2015.08.28"]
[Round "1"]
[White "Liencam2"]
[Black "Numanoid"]
[WhiteElo "2310"]
[BlackElo "2480"]
[Result "0-1"]
[Round "1"]
1.e4 g6
2.d4 d6
3.Nb1c3 Ng8f6
4.Bc1e3 Bf8g7
5.Qd1d2 O-O
6.O-O-O c6
7.f3 b5
8.g4 Qd8a5
9.Kb1 b4
10.Nc3e2 c5
11.Ne2c1 cxd4
12.Be3xd4 Nb8c6
13.Nc1b3 Qa5c7
14.Bf1b5 Nc6xd4
15.Nb3xd4 Ra8b8
16.Qd2xb4 a6
17.Qb4c4 Qc7b6
18.a4 axb5
{ resign }
0-1

[Event "Match"]
[Site "www.echecsemail.com"]
[Date "2015.08.28"]
[Round "1"]
[White "Alessiov"]
[Black "Billyg"]
[WhiteElo "1610"]
[BlackElo "1590"]
[Result "1-0"]
[Round "1"]
1.e4 e5
2.f4 exf4
3.Bf1c4 Ng8f6
4.Nb1c3 c6
5.d4 Bf8b4
6.Ng1e2 Nf6xe4
7.O-O d5
8.Nc3xe4 dxe4
9.a3 Bb4d6
10.Bc1xf4 Bd6xf4
11.Rf1xf4 f5
12.Qd1d2 g5
13.Rf4f1 b5
14.Bc4a2 c5
15.Ne2g3 f4
16.Ng3xe4 Nb8d7
17.dxc5 Qd8c7
18.Qd2d5 Bc8b7
19.Ne4d6 Kd8
20.Qd5xg5 { resign }
1-0